Tanečné centrum Grace, Buenos Aires
Saved in:
| Main Author: | |
|---|---|
| Other Authors: | |
| Format: | Manuscript Book |
| Language: | Slovak |
| Published: |
Bratislava
2023
|
| Subjects: | |
| Online Access: | http://is.stuba.sk/zp/portal_zp.pl?podrobnosti=172318 |
| Tags: |
No Tags, Be the first to tag this record!
|
MARC
| LEADER | 00000ntm a22000003a 4500 | ||
|---|---|---|---|
| 001 | stuzp93827 | ||
| 003 | SK-STU | ||
| 005 | 20231010102843.8 | ||
| 007 | ta | ||
| 008 | 150427s2015----xo-----f-mn---000-0-slo-d | ||
| 040 | |a STU |b slo | ||
| 041 | 0 | |a slo | |
| 100 | 1 | |a Grenčíková, Zuzana |u 050999 |4 aut |U FAD Fakulta architektúry a dizajnu |T FAD Spoločné stredisko FA |X 93699 |U 050999 |Y 391 |7 93699 | |
| 242 | 0 | 1 | |a Grace Dance Center, Buenos Aires |y eng |
| 245 | 1 | 0 | |a Tanečné centrum Grace, Buenos Aires |
| 260 | |c 2023 |a Bratislava | ||
| 650 | 4 | |a tanečné centrum |2 slo | |
| 650 | 4 | |a argentína |2 slo | |
| 650 | 4 | |a kultúra |2 slo | |
| 650 | 4 | |a dance centrum |2 eng | |
| 650 | 4 | |a argentina |2 eng | |
| 650 | 4 | |a culture |2 eng | |
| 700 | 1 | |a Šimkovič, Vladimír |4 ths |X 394 |7 A000000394 | |
| 856 | 4 | |u http://is.stuba.sk/zp/portal_zp.pl?podrobnosti=172318 |u https://opac.crzp.sk/?fn=detailBiblioForm&sid=1755732D0F093F437BA132EAC795 | |